000
002580000a22000970004500
100
1
_a
Wilson, J. Christy
245
1
0
_a
Successful tentmaking depends on mission agencies
300
_a
Vol. 14, Núm 13 (1997), Páginas 141-143
773
0
_t
Evangel
942
_c
ANA
999
_c
54163
_d
54163